中醫芳療應用全書 : (Record no. 7664)

MARC details
000 -LEADER
fixed length control field 01124cam a2200301 ib4500
001 - CONTROL NUMBER
control field 2460796
003 - CONTROL NUMBER IDENTIFIER
control field YEEZEN
005 - DATE AND TIME OF LATEST TRANSACTION
control field 20250724150224.0
008 - FIXED-LENGTH DATA ELEMENTS--GENERAL INFORMATION
fixed length control field 241017s2024 ch ad g 000 0 chi d
020 ## - INTERNATIONAL STANDARD BOOK NUMBER
International Standard Book Number 9786267401941
Qualifying information (平裝) :
Terms of availability NT$680
040 ## - CATALOGING SOURCE
Original cataloging agency TCPL
Language of cataloging chi
Transcribing agency TCPL
Modifying agency TCPL
Description conventions ccr
042 ## - AUTHENTICATION CODE
Authentication code nbic
084 ## - OTHER CLASSIFICATION NUMBER
Classification number 418.995
Number source ncsclt
090 ## - LOCALLY ASSIGNED LC-TYPE CALL NUMBER (OCLC); LOCAL CALL NUMBER (RLIN)
Classification number (OCLC) (R) ; Classification number, CALL (RLIN) (NR) 418.995
100 1# - MAIN ENTRY--PERSONAL NAME
Personal name 李淳廉
245 10 - TITLE STATEMENT
Title 中醫芳療應用全書 :
Remainder of title 零基礎一次弄懂經絡、陰陽、五行!92種精油 x 2款按摩法, 順應四季、男女、人體法則的芳療事典! /
Statement of responsibility, etc. 李淳廉著
246 30 - VARYING FORM OF TITLE
Title proper/short title 零基礎一次弄懂經絡、陰陽、五行!92種精油 x 2款按摩法, 順應四季、男女、人體法則的芳療事典!
250 ## - EDITION STATEMENT
Edition statement 二版
260 ## - PUBLICATION, DISTRIBUTION, ETC.
Place of publication, distribution, etc. 臺北市 :
Name of publisher, distributor, etc. 麥浩斯出版 :
-- 家庭傳媒城邦分公司發行,
Date of publication, distribution, etc. 2024.08
300 ## - PHYSICAL DESCRIPTION
Extent 429面 :
Other physical details 彩圖, 表 ;
Dimensions 23公分
490 1# - SERIES STATEMENT
Series statement 做自己的芳療師 ;
Volume/sequential designation 2.
500 ## - GENERAL NOTE
General note 2024暢銷改版
650 #7 - SUBJECT ADDED ENTRY--TOPICAL TERM
Topical term or geographic name entry element 芳香療法
Source of heading or term lcstt.
650 #7 - SUBJECT ADDED ENTRY--TOPICAL TERM
Topical term or geographic name entry element 經絡療法
Source of heading or term lcstt.
650 #7 - SUBJECT ADDED ENTRY--TOPICAL TERM
Source of heading or term lcstt
Topical term or geographic name entry element 中醫理論
830 #0 - SERIES ADDED ENTRY--UNIFORM TITLE
Uniform title 做自己的芳療師 ;
Volume/sequential designation 2.
942 ## - ADDED ENTRY ELEMENTS (KOHA)
Source of classification or shelving scheme 中文圖書分類法
Koha item type 一般圖書
Holdings
撤銷狀態 遺失狀態 分類號來源 損壞狀態 不外借 永久館藏地 現在館藏地 書架位置 採購日期 全部借出 全部續借 完整索書號 條碼號 最後一次日期記錄 Date last checked out 一般價格有效日期 Koha館藏類型 公開資訊
未註銷館藏 未遺失 中文圖書分類法 未損毀 可外借 怡仁綜合醫院圖書館 怡仁綜合醫院圖書館   2025-07-24 1 1 418.995 C03250 2025-12-12 2025-11-14 2025-07-24 一般圖書 台灣首位中醫博士的芳療專家——李淳廉博士,繼全方位介紹芳療知識的《做自己的芳療師》後,本書進一步將「中醫」與「芳療」兩大體系,整合為一本由淺入深、有系統、有理論、有應用,翻開就能馬上使用的精油運用大全。
怡仁醫院| 地址:32643桃園市楊梅區楊新北路321巷30號 | 服務專線:03-4855566 | 電子郵件信箱:
Copyright © 1996 CHC Hospital